000
00352nam a2200145Ia 4500
008
230718s9999 xx 000 0 und d
041
_a
Eng.
082
_a
346.0488
_b
MEH-L
100
_a
mehrom ali bali
245
0
_a
law relating to export evidence
260
_a
Pakistan
_b
omer law book house
_c
2016
300
_a
626
650
_a
Law
999
_c
33014
_d
33014